| 000 | 00749nam a22002417a 4500 | ||
|---|---|---|---|
| 003 | OSt | ||
| 005 | 20210920144304.0 | ||
| 007 | ta | ||
| 008 | 210302b 2020 dr a 00| 0 eng d | ||
| 020 | _a9789945095920 | ||
| 040 |
_aDO-SdBNP _bspa _cBNPHU |
||
| 082 | 4 |
_aRD862.44 _bC198t _222 |
|
| 100 | 1 |
_aKoldo _977978 |
|
| 245 | 1 | 0 |
_aTeatro / _c Koldo Campos Sagaseta de Ilurdoz ; prólogo: Irene Campos Fernández |
| 260 |
_aSanto Domingo : _bGalipote, _c2020. |
||
| 300 |
_a234 p. : _bil., retrs. ; _c23 cm. |
||
| 590 | _aInventariado, 2021 /LP | ||
| 650 | 4 |
_aTeatro dominicano _93071 |
|
| 650 | 4 |
_aLiteratura dominicana _9632 |
|
| 700 | 1 |
_aCampos Fernández, Irene, _eprólogo _977979 |
|
| 910 | _aValidado. Control de calidad MFF | ||
| 942 |
_2ddc _cLBS1 |
||
| 999 |
_c49477 _d49477 |
||